• 首页
  • 本馆介绍
  • 公告通知
  • 最新文献
  • 馆藏检索
  • 电子资源
  • 读者导购
  • 参考咨询
  • 我的图书馆
  • 登录
  • 详细信息显示
  • 放入我的书架
  • 预约/预借图书
  • 作者相关作品
  • 分类相关作品
  • 丛书相关作品
  • 出版社相关作品

书目信息

  • 表格格式
  • 工作单格式
  • 卡片格式
题名:
计量单位及其换算
    
 
作者: 杜荷聪 著
分册:  
出版信息: 北京   计量出版社  1982
页数: 308页
开本: 20cm
丛书名:
单 册:
中图分类: TB91
科图分类:
主题词: 计量单位 , 单位制
电子资源:
ISBN:
000 00543nam0 2200205 45
001 0312221749
005 20060622165246.12
010    @dCNY1.80@b精装
091    @a15210.213
100    @a20031222d1982 km y0chiy0120 ea
101    @achi
200 1  @a计量单位及其换算@AJi Liang Dan Wei Ji Qi Huan Suan@f杜荷聪等著@FDu He Cong Deng Zhu
210    @a北京@c计量出版社@d1982
215    @a308页@d20cm
606 0  @a计量单位
606 0  @a单位制
690    @aTB91@v4
701 0  @a杜荷聪@4著
801    @aCN@bTSTCL@c20060622
905    @a213230@dTB91@e20
    
    计量单位及其换算/杜荷聪等著.-北京:计量出版社,1982
    308页;20cm
    
    
    ISBN (精装):CNY1.80
    
●
相关链接 在E读中查询图书 在五车中查询图书 在当当中查询图书 在豆瓣中查询图书


正题名:计量单位及其换算     索取号:TB91/20         预约/预借

序号 登录号 条形码 馆藏地/架位号 状态 备注
1 0158933   202220417   密集书库/ [索取号:TB91/20] 在馆    
2 0421256   204212565   密集书库/ [索取号:TB91/20] 在馆    
3 0421257   204212574   密集书库/ [索取号:TB91/20] 在馆    
4 0421258   204212583   密集书库/ [索取号:TB91/20] 在馆    
唐山师范学院图书馆 欢迎您!
大连网信软件有限公司© 版权所有